Impressionism (Record no. 369103)

MARC details
000 -LEADER
fixed length control field 01543nam a2200193 4500
005 - DATE AND TIME OF LATEST TRANSACTION
control field 20251118121720.0
008 - FIXED-LENGTH DATA ELEMENTS--GENERAL INFORMATION
fixed length control field 251118b |||||||| |||| 00| 0 eng d
020 ## - INTERNATIONAL STANDARD BOOK NUMBER
International Standard Book Number 9783836536974
041 ## - LANGUAGE CODE
Language code of text/sound track or separate title English
082 ## - DEWEY DECIMAL CLASSIFICATION NUMBER
Classification number 700
Item number GRI
100 ## - MAIN ENTRY--PERSONAL NAME
Author Grimme Karin H.
245 ## - TITLE STATEMENT
Title Impressionism
260 ## - PUBLICATION, DISTRIBUTION, ETC.
Name of publisher, distributor, etc. Taschen
Date of publication, distribution, etc. 2207
300 ## - PHYSICAL DESCRIPTION
Extent 95
365 ## - TRADE PRICE
Price amount 1469.24
Currency code RS.00
520 ## - SUMMARY, ETC.
Summary, etc. • Pictures Created From Light And Colour<br/>• Frédéric Bazille – Still Life with Fish<br/>• Marie Bracquemond – Afternoon Tea<br/>• Gustave Caillebotte – The Floor Strippers<br/>• Mary Cassatt – Woman with a Pearl<br/>• Edgar Degas – Dancer at rest<br/>• Vincent Van Gogh – Portrait of Pere Tanguy<br/>• Armand Guillaumin – Sunset at Ivry<br/>• Wassily Kandinsky – The Ludwigskirche in Munich<br/>• Max Liebermann - The Birch Avenue in the Wannsee Garden, looking West<br/>• Claude Monet – Le pont de I’Europe<br/>• Berthe Morisot - Psyche<br/>• Giuseppe De Nittis - Flirt<br/>• Camille Pissarro - Hoarfrost<br/>• Pierre-Auguste Renoir -Lise with Parasol<br/>• Medardo Rosso – Aeta Aurea<br/>• John Singer Sargent – In the Luxemnourg Gardens<br/>• Giovanni Battista Segantini – The Hay Harvest<br/>• Georges Seurat – The Bathers at Asnieres<br/>• Walter Richard Sickert – The Old Bedford<br/>• Paul Signac – Capo di Noli<br/>• Alfred Sisley – The Watering Place at Marly-le-Roi<br/>• Max Slevogt - Parade<br/>• Fritz Von Uhde – The Garden Path<br/>• Federico Zandomeneghi – Place d’Anvers, Paris<br/>
650 ## - SUBJECT ADDED ENTRY--TOPICAL TERM
Topical term or geographic name entry element Art
942 ## - ADDED ENTRY ELEMENTS (KOHA)
Koha item type Books
Holdings
Withdrawn status Lost status Source of classification or shelving scheme Damaged status Not for loan Home library Current library Date acquired Vendor Net Price Bill number Total Checkouts Full call number Barcode Date last seen Actual Price Bill Date Koha item type
    Dewey Decimal Classification     School of Fashion Technology School of Fashion Technology 18/11/2025 Amazon.in 1469.24 IN-110776   700 GRI SOFT-BK-4711 18/11/2025 1772.66 12/11/2025 Books